[Event "La Palma Island op"]
[Site "Santa Cruz de La Palma"]
[Date "2023.08.05"]
[Round "1"]
[White "Bethencourt Hernandez, Valeria"]
[Black "Pierrot, Juan Facundo"]
[Result "0-1"]
[WhiteElo "1607"]
[BlackElo "2348"]
[PlyCount "77"]
[EventDate "2023.08.05"]
[EventType "swiss"]
[EventRounds "9"]
[EventCountry "ESP"]
[SourceTitle "CBM 215 Extra"]
[Source "ChessBase"]
[SourceDate "2023.09.30"]
[SourceVersion "1"]
[SourceVersionDate "2023.09.30"]
[SourceQuality "1"]

1. e4 d5 2. exd5 Qxd5 3. Nc3 Qd6 4. d4 Nf6 5. Nf3 a6 6. Bg5 Bg4 7. Be2 e6 8. Qd2 Be7 9. 0-0-0 Nc6 10. d5 exd5 11. Bxf6 Bxf6 12. Nxd5 0-0-0 13. Nb6+ Kb8 14. Qxd6 Rxd6 15. Rxd6 cxd6 16. h3 Be6 17. Rd1 Bd8 18. Nc4 d5 19. Ne3 Bb6 20. Nxd5 Bxf2 21. a3 Re8 22. Nc3 f5 23. Kb1 h6 24. Bd3 g6 25. Rf1 Bg3 26. Ne2 Bd6 27. Nc3 Ne5 28. Nxe5 Bxe5 29. g4 fxg4 30. hxg4 Bxg4 31. Bxg6 Rg8 32. Be4 h5 33. Rf7 Bc8 34. Rh7 Be6 35. Nd5 Rh8 36. Rxh8+ Bxh8 37. Nf4 Bg4 38. Kc1 h4 39. Bg2 0-1